Statistics for 50 Largest Economies in the World

Click here to take the quiz!

General Stats

  • This quiz has been taken 1,462 times
    (1,373 since last reset)
  • The average score is 42 of 50

Answer Stats

GDP (Billion USD)Country% Correct
17,947United States
100%
10,983China
99%
2,849United Kingdom
99%
3,358Germany
98%
2,422France
97%
2,091India
97%
4,123Japan
97%
1,773Brazil
94%
1,552Canada
94%
1,816Italy
94%
1,325Russia
94%
1,144Mexico
93%
1,200Spain
93%
493Sweden
93%
586Argentina
92%
389Norway
92%
1,377South Korea
92%
1,224Australia
91%
331Egypt
91%
859Indonesia
91%
313South Africa
90%
653Saudi Arabia
89%
230Finland
88%
475Poland
88%
734Turkey
88%
388Iran
86%
199Portugal
86%
665Switzerland
85%
738Netherlands
83%
270Pakistan
83%
374Austria
82%
455Belgium
82%
240Chile
82%
295Denmark
82%
490Nigeria
82%
293Colombia
81%
195Greece
80%
395Thailand
80%
191Vietnam
79%
192Peru
78%
296Malaysia
77%
345United Arab Emirates
76%
524Taiwan
74%
238Ireland
73%
293Singapore
73%
296Israel
69%
240Venezuela
68%
206Bangladesh
65%
292Philippines
61%
310Hong Kong
15%

Score Distribution

Percentile by Number Answered

Percent of People with Each Score

Your Score History

You have not taken this quiz since the last reset